000 00847aas a2200229 4500
999 _c4393
_d4393
003 BR-BrBNA
005 20230317234142.0
007 ta
008 230119b bl ||||| |||| 00| 0 por d
035 _a000485-5
040 _aBR-BrBNA
_bEng
_cBR-BrBNA
042 _aN
044 _abl
245 _aFAO: Marketing and Agribusiness Texts
_bFAO
_cFood and Agriculture Organization of the United NationsOrganizacion de las Naciones Unidas para la Agricultura y la AlimentacionOrganization des Nations Unies pour l'Alimentation et l'Agriculture
260 _aRome, Italy, IT
_bFAO
_c1997. Data final de publicação em 1997
_eIT
270 _aVia delle Terme di Caracalla, 00100 Rome, Italy
310 _aperiodicidade desconchecida
505 _a1997 (1-4);
650 1 2 _gAGRICULTURA; MERCADO; AGRIBUSINESS
909 _a56
_bSergio Santos
_c56
_dSergio Santos
942 _cCR
_2AGRIS